<?xml version="1.0" encoding="UTF-8"?>
<collection xmlns="http://www.loc.gov/MARC21/slim">
 <record>
  <leader>00645pamaa2200217   4500</leader>
  <controlfield tag="001">0000046915</controlfield>
  <controlfield tag="005">20121206090000.0</controlfield>
  <controlfield tag="008">100402                             eng  </controlfield>
  <datafield tag="020" ind1="0" ind2="0">
   <subfield code="a">9780321660152 (pbk) </subfield>
  </datafield>
  <datafield tag="090" ind1="0" ind2="0">
   <subfield code="a">QH308.2 </subfield>
   <subfield code="b">CAM 2010</subfield>
  </datafield>
  <datafield tag="100" ind1="1" ind2="0">
   <subfield code="a">Simon </subfield>
  </datafield>
  <datafield tag="245" ind1="1" ind2="0">
   <subfield code="a">Campbell essential biology  </subfield>
   <subfield code="c">Neil A. Campbell, Jane B. Reece, Eric J. Simon.</subfield>
  </datafield>
  <datafield tag="250" ind1="0" ind2="0">
   <subfield code="a">4th ed.</subfield>
  </datafield>
  <datafield tag="260" ind1="0" ind2="0">
   <subfield code="a">San Francisco: </subfield>
   <subfield code="b">Pearson/Benjamin Cummings, </subfield>
   <subfield code="c">2010.</subfield>
  </datafield>
  <datafield tag="300" ind1=" " ind2=" ">
   <subfield code="a">xxxv, 452p.: </subfield>
   <subfield code="b">col. ill.; </subfield>
   <subfield code="c">28cm.</subfield>
  </datafield>
  <datafield tag="501" ind1="0" ind2="0">
   <subfield code="a">AUP</subfield>
  </datafield>
  <datafield tag="504" ind1="0" ind2="0">
   <subfield code="a">Includes index</subfield>
  </datafield>
  <datafield tag="600" ind1="1" ind2="0">
   <subfield code="a">Campbell, </subfield>
   <subfield code="h">Neil A.</subfield>
  </datafield>
  <datafield tag="650" ind1="0" ind2="0">
   <subfield code="a">Biology </subfield>
  </datafield>
  <datafield tag="700" ind1="1" ind2="1">
   <subfield code="a">Reece, </subfield>
   <subfield code="h">Jane B. </subfield>
  </datafield>
  <datafield tag="901" ind1=" " ind2=" ">
   <subfield code="u">http://www.aw-bc.com</subfield>
  </datafield>
 </record>
</collection>
